000 02225nam0a2200469 4500
001 RU\NLR\bibl\948863
005 20260408194323.0
010 _a5-93089-026-9
_9300
021 _aRU
_b2006-14484
_9711
035 _a(NLR Aleph) 000936980
035 _a(nilc)RSL-KNO-002858732
090 _a195625
_c195625
100 _a20060407d2004 k y0rusy50 ca
101 0 _arus
102 _aRU
105 _ay |||||||||
106 _ar
135 _acrmn mmmanaba
200 1 _aСправедливость и рациональность : философский анализ
_fА. А. Шевченко
_gотв. ред. д. филос. н., проф. Карпович В. Н.
_gИн-т философии и права, Сиб. одт-ние РАН
210 _aНовосибирск
_cНонпарель
_d2004
215 _a134 с.
_d20
320 _aБиблиогр. в подстроч. примеч.
325 1 _aКопия доступна в электрон. б-ке РНБ
606 _aСправедливость (филос.)
_3RU\NLR\auth\661296141
_92152531
606 _aРациональность (филос.)
_3RU\NLR\auth\661360254
_92269364
610 0 _aФилософские науки -- Этика -- Категории и нормы этики -- Добро и зло. Справедливость
686 _aЮ713.12,0
_2rubbk
686 _aЮ703.12
686 _aЮ225.4
700 1 _4070
_8rus
_7ca
_aШевченко
_bА. А.
_cканд. филос. наук
_gАлександр Анатольевич
_3RU\NLR\AUTH\7753810
_936742
801 0 _aRU
_bРКП
_c20060407
_grcr
801 1 _aRU
_bРГБ
_c20060407
801 2 _aRU
_bNLR
_c20060515
_grcr
856 0 _uhttp://vivaldi.nlr.ru/bx000012149/view
856 1 _uhttp://vivaldi.nlr.ru/bx000012149/cover
856 2 _uhttp://vivaldi.nlr.ru/bx000012149/text
901 _eКнижные издания
942 _cBOOK
980 _aNB
981 1 3 _a(13) Документы, защищенные авторским правом
_b(13) Современная научная, научно-популярная и популярная л